1308 1729 1987 1093 1825 1959 1987 1898 1959 1135 1938 1976 1537 1035 1349 1948 1000 1457 1901 1013 1634 1044 1008 1406 1457 1444 1550 1863 1363 1928 1399 1370 1551 1386 1378 1177 1372 1633 1164 1348 1581 1014 1212 1217 1776 1288 1020 1574 1486 1023 1360 1877 1423 1113 1549 1207 1253 1261 1100 1040 1624 1050 1988 1216 1584 1338 1441 1676 1724 1452 1250 1404 1883 1970 1143 1859 1339 1411 1533 1800 1868 1061 1352 1173 1527 1349 1285 1281 1418 1151 1260 1328 1920 1926 1367 1570 1863 1543 1369 BCNSPRNW ULIB Ver.6.0+V

เปลี่ยนเป็นภาษาไทย

Change to English
 แสดงรายละเอียดบรรณานุกรม
  กลับหน้าหลัก

Brief Record : Get Marc (ISO 2709) : E-mail record : QR code < ปิดหน้าต่าง
LEADER : 00000nam 2200000uu 4500
001    13399114529
003     ULIB
008    120411s2540||||th 000 0 tha d
020    ^a9748316297
060 04 ^aWB110^bส47น ล.2 2540
100 0  ^aสุรเกียรติ อาชานานุภาพ
245 10 ^aแนะยา-แจงโรค^nเล่ม 4 /^cสุรเกียรติ อาชานานุภาพ
250    ^aพิมพ์ครั้งที่ 1
260    ^aกรุงเทพฯ :^bหมอชาวบ้าน,^c2540
300    ^a104 หน้า :^bภาพประกอบ,^c21 ซม.
500    ^aSend to Single Search
650  4 ^aการรักษาด้วยยา
650  4 ^aโรค
945    ^p0^l0^i5054
995    ^aกัณชพร
999 ^a ใช้งานได้ทุกระบบ
รายการนี้ยังไม่มีแท็ก
คุณยังไม่ได้ล็อกอิน คุณสามารถมีกิจกรรมร่วมกับเว็บไซต์ได้ แต่ต้องล็อกอินก่อน ::
  ล็อกอิน

รายการสื่อสารสนเทศ

ลำดับที่ ประเภท เลขเรียก/บาร์โค้ด สถานที่ สถานะ
- ไม่พบข้อมูล -

รายการใกล้เคียง
    ผู้แต่ง [สุรเกียรติ อาชานานุภาพ]

    หัวเรื่อง [การรักษาด้วยยา]
    หัวเรื่อง [โรค]

BibComment


ยังไม่เคยถูกคอมเมนท์

คอมเมนท์ทรัพยากรรายการนี้
  คอมเมนท์: แนะยาแจงโรค เล่ม..


 Copyright 2026. Bcnsprnw @Library